| 000 | 01040nam a22002537a 4500 | ||
|---|---|---|---|
| 005 | 20170124102944.0 | ||
| 010 | _aB-075150 | ||
| 020 |
_c325.00 _a8170558085 |
||
| 035 | _aB-075150 | ||
| 037 | _bCen Lib/Ret | ||
| 040 |
_aDPL _bHN |
||
| 082 |
_a808.108 _bभारती |
||
| 245 |
_aभारतीय काव्य में सर्वधर्म समभाव / _cसंपादक नगेन्द्र |
||
| 246 |
_aBhartiy kavy me sarvdharm sambhav / _bsampadak Nagendra |
||
| 260 |
_aनयी दिल्ली _bवाणी प्रकाशन _c2001 |
||
| 270 |
_bनयी दिल्ली _e110002 _a21-ए, दरयागंज |
||
| 300 |
_a351पृ. _c19सेमी(सजिल्द) |
||
| 650 |
_aहिंदी साहित्य _949238 |
||
| 650 |
_aभारतीय काव्य _9779 |
||
| 650 |
_aHindi solitary _944725 |
||
| 650 |
_aIndian poetry _923804 |
||
| 700 |
_aनगेन्द्र _94570 |
||
| 942 |
_2ddc _cHN _h808.108 _mभारती |
||
| 999 |
_c112799 _d112799 |
||